| 000 | 00389nam a22001337a 4500 | ||
|---|---|---|---|
| 999 |
_c535562 _d535562 |
||
| 020 | _a9783319225609 | ||
| 040 | _cMSOHAIL | ||
| 082 |
_a910.285 _bKHO |
||
| 100 |
_aSiamak Khorram, Cynthia F. van der Wiele, Frank H. Koch, Stacy A. C. Nelson, Matthew D. Potts _930195 |
||
| 245 | _aPrinciples of Applied Remote Sensing | ||
| 260 |
_bSpringer, _c2016 |
||
| 300 | _a307;p | ||
| 942 |
_2ddc _cBK |
||